| 000 | 00692nam a2200253 4500 | ||
|---|---|---|---|
| 003 | OSt | ||
| 005 | 20260601171010.0 | ||
| 008 | 260506b\\\\\\\\||||||||\||||\00|\0\eng\d | ||
| 020 | _a0060087633 | ||
| 040 |
_aICI _bSPA _cICI |
||
| 041 | _aENG | ||
| 050 |
_aNC1002.L63 _bC54 |
||
| 100 | 1 | _aCarter David E. | |
| 245 | 1 |
_aThe Big book of design ideas / _cedited by David E. Carter |
|
| 264 |
_aNew York : _bHBI _c2000 |
||
| 300 |
_a384 páginas : _b ilustraciones |
||
| 336 |
_atexto _2rdacontent |
||
| 337 |
_asin medio _2rdamedia |
||
| 338 |
_avolumen _2rdacarrier |
||
| 650 | _aImagen corporativa | ||
| 650 | _a Imagen y diseño corporativo | ||
| 650 | _aLogotipos | ||
| 942 |
_2lcc _cB _n1 |
||
| 999 |
_c20466 _d20466 |
||